000 00780nas a2200265 4500
001 BR9601540
003 BR-BrBNA
005 20231205094710.0
007 ta
008 230509b bl.|||p| |||| 00| 00por d
040 _aBR-BrBNA
_bpor
_cBiblioteca Nacional de Agricultura
041 _a(Pt)
072 _aF98; F04
100 1 _aPolli, M. de
100 1 _aFranco, A.A.
100 1 _aAlmeida, D.L. de
245 1 _aNapier da-se bem com leguminosas e e o que mais rende em teste
650 _aCapim Napier
650 _aLeguminosa
650 _aNitrogenio
650 _aConsorciacao de Cultura
773 0 _tAgricultura e Pecuaria (Brazil)
_xISSN 6100-249x
_g(Sep 1972), no. 574 p. 31-32
_wBR9601540
909 _a202311
_bLúcia
_c55
_dLúcia Elande
942 _2AGRIS
_n0
_cANA
999 _c146222
_d146222